Devinez la Capitale Mystère #135 - Statistiques

Statistiques générales
  • Ce quiz a été pris 107 fois
  • Le résultat moyen est 27 sur 33
Statistiques - réponses
Type de Réponse Réponse % Correct
Lettre Trouvée A
100%
Lettre de l'Alphabet I
100%
Lettre de l'Alphabet R
100%
Lettre de l'Alphabet S
100%
Lettre de l'Alphabet E
99%
Lettre Bien Placée A
98%
Lettre de l'Alphabet B
95%
Lettre Trouvée O
95%
Lettre de l'Alphabet L
94%
Lettre de l'Alphabet N
94%
Lettre Trouvée P
94%
Lettre de l'Alphabet D
91%
Lettre Trouvée T
90%
Lettre Trouvée U
90%
Lettre Trouvée M
88%
Lettre de l'Alphabet G
85%
Lettre de l'Alphabet C
83%
Lettre de l'Alphabet H
82%
Lettre Bien Placée M
80%
Lettre de l'Alphabet K
78%
Lettre de l'Alphabet W
73%
Lettre Bien Placée T
67%
Lettre de l'Alphabet V
67%
Lettre de l'Alphabet Y
67%
Lettre de l'Alphabet X
65%
Lettre de l'Alphabet J
62%
Lettre Bien Placée O
62%
Lettre Bien Placée P
61%
Lettre Bien Placée U
60%
Lettre de l'Alphabet F
59%
Lettre de l'Alphabet Q
59%
Lettre de l'Alphabet Z
59%
Capitale Mystère Maputo
56%
Aucun quiz correspondant
Distribution des résultats
% des personnes avec chaque résultat
Percentile par nombre de réponses
Votre historique - résultats
Vous n’avez pas pris ce quiz